| 000 | 13516nam a22009017a 4500 | ||
|---|---|---|---|
| 005 | 2010091802302.0 | ||
| 008 | 100915t xxu||||| |||| 00| 0 hin d | ||
| 010 | _aHIN-91981 B-460076-122 | ||
| 020 |
_c300.00 _a9788128827501 |
||
| 035 | _aHN-64327 B-460076-122 | ||
| 037 | _bDBAD/PUB. | ||
| 037 | _bके.के. पब्सिकेशंस | ||
| 040 |
_aDPL _bHN |
||
| 082 | _a158.1 | ||
| 100 |
_920178 _aजोगिन्दर सिंह |
||
| 110 | _926418 | ||
| 245 |
_aपहले लक्ष्य तय करे / _cजोगिन्दर सिंह |
||
| 246 |
_aPahale laksye tay kare _bby joginder singh |
||
| 260 |
_aनई दिल्ली _bसंस्कार प्रकाशन _c2010 |
||
| 270 |
_a135, ए.एम. आई. जी डीडीए फ्लेटस, रजोरी गार्डन _bनई दिल्ली |
||
| 300 |
_a288पृ. _c22सेमी (सजिल्द) |
||
| 600 | _926453 | ||
| 650 | _91159 | ||
| 650 | _926117 | ||
| 700 | _920179 | ||
| 700 | _920333 | ||
| 700 | _920540 | ||
| 942 |
_2ddc _cHN _mजोगिन्द _h158.1 |
||
| 999 |
_c50936 _d50936 |
||